Alliterative Big Four Teams - Statistics

General Stats
  • This quiz has been taken 17 times
    7 since last reset
  • The average score is 10 of 15
Answer Stats
Hint Answer % Correct
Buffalo Bills
100%
Pittsburgh Pirates
100%
MLB Chicago Cubs
83%
Los Angeles Lakers
83%
Pittsburgh Penguins
83%
Miami Marlins
67%
Philadelphia Phillies
67%
San Antonio Spurs
67%
NHL Boston Bruins
50%
Jacksonville Jaguars
50%
NFL Seattle Seahawks
50%
Tennessee Titans
50%
Washington Wizards
50%
NBA Cleveland Cavaliers
33%
San Jose Sharks
17%
No matching quizzes found
Score Distribution
Percent of People with Each Score
Percentile by Number Answered
Your Score History
You have not taken this quiz since the last reset